Elementos de derecho procesal penal / (Registro nro. 7233)

Detalles MARC
000 -LEADER
fixed length control field 01068nam a2200253 4500
001 - CONTROL NUMBER
control field 0000021489
005 - DATE AND TIME OF LATEST TRANSACTION
control field 20250329172015.0
007 - PHYSICAL DESCRIPTION FIXED FIELD--GENERAL INFORMATION
fixed length control field ta
008 - FIXED-LENGTH DATA ELEMENTS--GENERAL INFORMATION
fixed length control field 160627s2001 000 0 eng d
020 ## - INTERNATIONAL STANDARD BOOK NUMBER
International Standard Book Number 9968380164
040 ## - CATALOGING SOURCE
Original cataloging agency CO-CtgCURN
Language of cataloging spa
Transcribing agency coctgcurn
082 0# - DEWEY DECIMAL CLASSIFICATION NUMBER
Classification number R345.030
Item number F564e
100 1# - MAIN ENTRY--PERSONAL NAME
Personal name Florian, Eugene.
245 10 - TITLE STATEMENT
Title Elementos de derecho procesal penal /
Statement of responsibility, etc. Eugene Florian.
260 #1 - PUBLICATION, DISTRIBUTION, ETC.
Place of publication, distribution, etc. Mexico : :
Name of publisher, distributor, etc. Juridicas Universitaria,,
Date of publication, distribution, etc. 2001.
300 ## - PHYSICAL DESCRIPTION
Extent 298 p.
490 1# - SERIES STATEMENT
Series statement Clasicos del derecho procesal penal
500 ## - GENERAL NOTE
General note Incluye indice.
505 8# - FORMATTED CONTENTS NOTE
Formatted contents note Teoria general del proceso penal.--Parte especial.--Instituciones procesales en particular.--Acción y proceso.--Aspectos generales.--Absorcion de la ciencia del proceso.--Sujetos del proceso.--educación de los jueces y de los abogados penales.--Problema de la naturaleza del hombre.--Antropologia y sociologia criminal
650 14 - SUBJECT ADDED ENTRY--TOPICAL TERM
Topical term or geographic name entry element Derecho procesal.
908 ## - PUT COMMAND PARAMETER (RLIN)
Put command parameter 160627
942 ## - ADDED ENTRY ELEMENTS (KOHA)
Koha item type Diccionarios
Classification part R345.030
Item part F564e
Existencias
Withdrawn status Lost status Source of classification or shelving scheme Damaged status Not for loan Collection Home library Current library Shelving location Date acquired Inventory number Total checkouts Full call number Barcode Date last seen Price effective from Koha item type Public note
    Dewey Decimal Classification     Referencia Miguel Henríquez Castañeda Miguel Henríquez Castañeda   06/22/2017 000304   R345.030 F564e 000304 03/29/2025 03/29/2025 Diccionarios 340-DEREC